[Event "XIII International Chess Festival"]
[Site "Paracin"]
[Date "2020.07.04"]
[Round "3.14"]
[White "Jancic, Radomir"]
[Black "Sahin, Ozgun"]
[Result "0-1"]
[BlackElo "2220"]
[WhiteElo "1966"]
[LiveChessVersion "1.4.8"]

1. Nf3 {[%clk 1:29:23]} c5 {[%clk 1:30:57]} 2. c4 {[%clk 1:29:44]} Nc6
{[%clk 1:31:23]} 3. Nc3 {[%clk 1:30:04]} g6 {[%clk 1:31:48]} 4. e3
{[%clk 1:30:02]} Bg7 {[%clk 1:31:42]} 5. d4 {[%clk 1:30:14]} cxd4
{[%clk 1:31:11]} 6. exd4 {[%clk 1:30:33]} d6 {[%clk 1:30:48]} 7. h3
{[%clk 1:30:20]} Nf6 {[%clk 1:30:18]} 8. Bd3 {[%clk 1:29:32]} e5 {[%clk 1:25:52]}
9. d5 {[%clk 1:27:43]} Ne7 {[%clk 1:25:51]} 10. O-O {[%clk 1:26:55]} O-O
{[%clk 1:24:48]} 11. Re1 {[%clk 1:25:57]} Nd7 {[%clk 1:22:38]} 12. Ng5
{[%clk 1:20:00]} Nc5 {[%clk 1:18:05]} 13. Bc2 {[%clk 1:18:26]} f5
{[%clk 0:56:07]} 14. Nf3 {[%clk 1:13:21]} a5 {[%clk 0:49:06]} 15. Rb1
{[%clk 1:12:17]} Bd7 {[%clk 0:49:04]} 16. a3 {[%clk 1:12:05]} e4 {[%clk 0:41:33]}
17. Nd4 {[%clk 1:12:07]} Nc8 {[%clk 0:39:36]} 18. Nce2 {[%clk 1:06:36]} a4
{[%clk 0:33:15]} 19. Be3 g5 {[%clk 0:29:30]} 20. Nc3 {[%clk 1:01:59]} Nb6 21.
Ndb5 {[%clk 0:56:25]} Nxc4 {[%clk 0:29:46]} 22. Nxd6 {[%clk 0:50:16]} Nxe3
{[%clk 0:30:11]} 23. Rxe3 Qf6 {[%clk 0:29:39]} 24. Nc4 {[%clk 0:50:04]} b5
{[%clk 0:29:44]} 25. Nd2 Qh6 {[%clk 0:24:43]} 26. Re1 {[%clk 0:48:30]} Rae8
{[%clk 0:21:44]} 27. Nf1 Be5 28. Qe2 {[%clk 0:44:05]} Rb8 {[%clk 0:16:20]} 29.
Rbd1 {[%clk 0:43:08]} Qf6 {[%clk 0:15:54]} 30. Qe3 Nb7 {[%clk 0:15:25]} 31. f3
{[%clk 0:41:19]} Bd6 {[%clk 0:12:55]} 32. Kh1 {[%clk 0:41:06]} exf3
{[%clk 0:13:20]} 33. Qxf3 {[%clk 0:41:09]} g4 {[%clk 0:11:50]} 34. Qd3
{[%clk 0:40:10]} Nc5 {[%clk 0:11:21]} 35. Qd4 {[%clk 0:40:26]} Qh6
{[%clk 0:10:26]} 36. Qd2 {[%clk 0:34:48]} f4 37. Ne4 {[%clk 0:32:21]} Nxe4
{[%clk 0:09:46]} 38. Rxe4 {[%clk 0:30:54]} gxh3 {[%clk 0:10:09]} 39. g3
{[%clk 0:30:29]} Bg4 {[%clk 0:09:08]} 40. Re6 {[%clk 0:30:40]} Bxe6
{[%clk 0:07:21]} 41. dxe6 {[%clk 0:30:47]} Be7 {[%clk 0:07:13]} 42. Qe2
{[%clk 0:28:42]} Rbd8 {[%clk 0:05:36]} 43. Re1 {[%clk 0:25:13]} f3
{[%clk 0:04:42]} 44. Qe4 {[%clk 0:25:19]} f2 {[%clk 0:04:34]} 45. Re2
{[%clk 0:24:54]} Qh5 {[%clk 0:04:52]} 46. g4 {[%clk 0:24:32]} Qd5
{[%clk 0:05:17]} 47. Kh2 {[%clk 0:24:22]} Qxe4 {[%clk 0:05:42]} 48. Bxe4
{[%clk 0:24:26]} Rd1 {[%clk 0:06:06]} 49. Ng3 {[%clk 0:24:00]} Bd6
{[%clk 0:06:29]} 50. e7 {[%clk 0:23:56]} f1=Q {[%clk 0:06:18]} 0-1

[Event "International OPEN "]
[Site "Paracin, Pool "]
[Date "2020.07.04"]
[Round "3.17"]
[White "Radisavljevic, Dalibor"]
[Black "Zlatkov, Anton"]
[Result "1/2-1/2"]
[WhiteElo "2214"]
[BlackElo "1948"]
[PlyCount "84"]
[EventDate "2020.07.03"]

1. Nf3 Nf6 2. g3 g6 3. Bg2 Bg7 4. O-O O-O 5. c4 c5 6. Nc3 Nc6 7. d4 Nxd4 8.
Nxd4 cxd4 9. Qxd4 d6 10. Qd2 Rb8 11. b3 Bd7 12. Bb2 a6 13. Nd5 Nxd5 14. Bxg7
Kxg7 15. Bxd5 b5 16. cxb5 Bxb5 17. Rfc1 e6 18. Bg2 d5 19. Rc5 Rc8 20. Rac1 Rxc5
21. Rxc5 Qe7 22. Qc3+ Qf6 23. e3 Rd8 24. a4 Qxc3 25. Rxc3 Be2 26. Bf1 Bxf1 27.
Kxf1 Rb8 28. Ke2 Kf6 29. Kd2 Ke5 30. f3 Kd6 31. Kc2 a5 32. Rd3 e5 33. f4 f6 34.
Rc3 Rb6 35. Rd3 Rc6+ 36. Kb2 Rb6 37. Rd1 Rc6 38. h4 Ke6 39. g4 Rd6 40. Kc3 Rc6+
41. Kb2 Rd6 42. Kc3 Rc6+ 1/2-1/2

[Event "International OPEN "]
[Site "Paracin, Pool "]
[Date "2020.07.04"]
[Round "3.18"]
[White "Tirelli, Mauro"]
[Black "Marjanovic, Rastko"]
[Result "1-0"]
[WhiteElo "2187"]
[BlackElo "1932"]
[PlyCount "83"]
[EventDate "2020.07.03"]

1. e4 d6 2. d4 Nf6 3. Nc3 g6 4. g3 Bg7 5. Bg2 O-O 6. Nge2 Nbd7 7. O-O c5 8. h3
a6 9. Be3 cxd4 10. Nxd4 Qc7 11. Qd2 Ne5 12. b3 Nc6 13. Rad1 Bd7 14. Nde2 b5 15.
f4 Rac8 16. g4 b4 17. Na4 Rb8 18. c3 bxc3 19. Naxc3 Rfc8 20. g5 Ne8 21. Nd5 Qd8
22. f5 e6 23. fxe6 fxe6 24. Nf6+ Bxf6 25. gxf6 Ne5 26. h4 Nf7 27. h5 Nxf6 28.
hxg6 hxg6 29. Bg5 Nxg5 30. Qxg5 Kg7 31. Nf4 Qe8 32. Rxd6 Rb5 33. e5 Nh7 34.
Qxg6+ Qxg6 35. Rxd7+ Kh6 36. Nxg6 Kxg6 37. Be4+ Kg5 38. Rg7+ Kh6 39. Rxh7+ Kg5
40. Rg7+ Kh5 41. Kg2 Kh6 42. Rg6+ 1-0

[Event "International OPEN "]
[Site "Paracin, Pool "]
[Date "2020.07.04"]
[Round "3.19"]
[White "Popovic, Mladen D"]
[Black "Aleksic, Neven"]
[Result "0-1"]
[WhiteElo "1906"]
[BlackElo "2169"]
[PlyCount "48"]
[EventDate "2020.07.03"]

1. e4 d5 2. exd5 Qxd5 3. Nc3 Qa5 4. d4 c6 5. Nf3 Nf6 6. Bc4 Bf5 7. Bd2 e6 8.
Nd5 Qd8 9. Nxf6+ gxf6 10. Bf4 Bd6 11. Bxd6 Qxd6 12. Qd2 Nd7 13. O-O-O O-O-O 14.
Nh4 Bg6 15. h3 f5 16. Kb1 Nf6 17. Qa5 Kb8 18. Rd3 f4 19. Nxg6 hxg6 20. Rhd1 Rh5
21. d5 cxd5 22. f3 Qc7 23. Qa4 Nd7 24. Bb5 Nc5 0-1

[Event "International OPEN "]
[Site "Paracin, Pool "]
[Date "2020.07.04"]
[Round "3.20"]
[White "Terziev, Dimo"]
[Black "Slavic, Nikola"]
[Result "1-0"]
[WhiteElo "2167"]
[BlackElo "1907"]
[PlyCount "101"]
[EventDate "2020.07.03"]

1. e4 d5 2. exd5 Qxd5 3. Nc3 Qa5 4. Bc4 Nf6 5. d3 c6 6. Qe2 Bf5 7. h3 e6 8. g4
Bg6 9. f4 Be7 10. Nf3 Nbd7 11. Bd2 Qc7 12. O-O-O Nb6 13. Rhe1 Nxc4 14. dxc4 Ng8
15. Be3 Rd8 16. Rxd8+ Kxd8 17. Ne5 Bd6 18. Rd1 Kc8 19. Bd4 Nf6 20. Qf2 Rd8 21.
a3 Nd7 22. Re1 Bxe5 23. fxe5 b6 24. Qf3 Nb8 25. Bf2 Qd7 26. Qe3 Qc7 27. Bh4 Rd7
28. b4 Qb7 29. Kb2 Qc7 30. Qf2 Qb7 31. Bg3 Qc7 32. h4 h6 33. h5 Bh7 34. Bh4 Kb7
35. Qg2 Kc8 36. Qf2 Kb7 37. g5 hxg5 38. Bxg5 Bf5 39. Bh4 Qc8 40. Qg2 Qh8 41.
Nb5 Qxh5 42. Rh1 Qg4 43. Qxg4 Bxg4 44. Nd6+ Rxd6 45. exd6 g6 46. Bg3 Bh5 47.
Rf1 g5 48. Rh1 Bg6 49. Rh8 Nd7 50. Rd8 Nf6 51. d7 1-0